[Event "European Blitz 2022"]
[Site "Katowice POL"]
[Date "2022.12.16"]
[Round "6.39"]
[White "Polster, Christian"]
[Black "Samunenkov, Ihor"]
[Result "0-1"]
[WhiteTitle "FM"]
[BlackTitle "IM"]
[WhiteElo "2235"]
[BlackElo "2488"]
[WhiteFideId "12965081"]
[BlackFideId "14187086"]
[EventDate "2022.12.16"]

1. e4 c6 2. Nc3 d5 3. d4 dxe4 4. Nxe4 Nf6 5. Nxf6+ exf6 6. c3 Bd6 7. Bd3 Na6 8.
Ne2 Nc7 9. O-O O-O 10. Bf4 Nd5 11. Bg3 Bg4 12. Qc2 Bxe2 13. Qxe2 Bxg3 14. hxg3
Re8 15. Qf3 Qd6 16. Rfe1 g6 17. Bc4 h5 18. Re2 Re6 19. Rae1 Rae8 20. Kf1 Kg7 21.
Bb3 b5 22. a4 a6 23. axb5 axb5 24. Bxd5 cxd5 25. Rxe6 Rxe6 26. Rxe6 Qxe6 27. Qd3
Qa6 28. Ke2 Qa4 29. Kd2 f5 30. Qc2 Qa2 31. Kc1 Qc4 32. Qd1 b4 33. Kd2 Qa2 34.
Ke3 Qxb2 35. cxb4 Qxb4 36. Qd3 Qe1+ 37. Kf3 Qe4+ 38. Qxe4 fxe4+ 39. Kf4 Kf6 40.
g4 g5+ 41. Kg3 hxg4 42. Kxg4 Kg6 43. Kh3 f5 44. g4 f4 0-1

[Event "European Blitz 2022"]
[Site "Katowice POL"]
[Date "2022.12.16"]
[Round "6.40"]
[White "Nasuta, Grzegorz"]
[Black "Ulasevich, Sergei"]
[Result "1-0"]
[WhiteTitle "GM"]
[BlackTitle "CM"]
[WhiteElo "2546"]
[BlackElo "2236"]
[WhiteFideId "1141686"]
[BlackFideId "13505629"]
[EventDate "2022.12.16"]

1. e4 c5 2. Nf3 Nc6 3. Bb5 g6 4. Bxc6 dxc6 5. d3 Bg7 6. h3 Nf6 7. Nc3 Nd7 8. Be3
e5 9. Qd2 h6 10. O-O b6 11. Nh2 Nf8 12. f4 exf4 13. Bxf4 Ne6 14. Be3 Nd4 15.
Rae1 Be6 16. e5 Bxe5 17. Bxh6 Qc7 18. Ng4 Bxg4 19. Bg7 Ne2+ 20. Rxe2 Bxe2 21.
Qxe2 Rh5 22. Re1 O-O-O 23. Bxe5 Qd7 24. Bg3 Rhh8 25. Ne4 Qe6 26. Qf3 Qd5 27. Qf4
Kb7 28. Qc7+ Ka6 29. Nc3 Qd4+ 30. Bf2 Qd6 31. Qxf7 Rhf8 32. Qc4+ Kb7 33. Qe4 Rd7
34. Qe5 Qxe5 35. Rxe5 Rdf7 36. Ne4 a5 37. Nd6+ 1-0

[Event "European Blitz 2022"]
[Site "Katowice POL"]
[Date "2022.12.16"]
[Round "6.41"]
[White "Marie, Maxime"]
[Black "Krzyzanowski, Marcin"]
[Result "0-1"]
[WhiteTitle "CM"]
[BlackTitle "GM"]
[WhiteElo "2175"]
[BlackElo "2538"]
[WhiteFideId "625590"]
[BlackFideId "1132199"]
[EventDate "2022.12.16"]

1. c4 e5 2. Nc3 Nf6 3. Nf3 Nc6 4. e3 d6 5. h3 g6 6. d4 exd4 7. exd4 Bg7 8. Be2
O-O 9. O-O Ne7 10. d5 a6 11. Bf4 Nd7 12. Qd2 Rb8 13. Bh6 Bxh6 14. Qxh6 Nf5 15.
Qd2 Re8 16. Rfe1 Ne5 17. Nxe5 dxe5 18. Bd3 Nd4 19. Ne2 Nxe2+ 20. Rxe2 b5 21.
Rae1 bxc4 22. Bxc4 Qd6 23. Qc3 f6 24. f4 Rb4 25. b3 Bd7 26. fxe5 fxe5 27. Rxe5
Rxe5 28. Rxe5 a5 29. Qe3 a4 30. Re7 axb3 31. axb3 Rb8 32. Qe5 Qxe5 33. Rxe5 Kf8
34. Kf2 Ra8 35. Kg3 Ra1 36. Re3 Rd1 37. Kf4 Rd2 38. Re2 Rd1 39. Ke5 Ke7 40. Rf2
Re1+ 41. Kf4 Kd6 42. Kg5 Re5+ 43. Kh6 Rh5+ 44. Kg7 Bc8 45. Rf6+ Ke7 46. Rf7+ Kd6
47. Kg8 Rg5 48. Kxh7 Rxg2 49. Rf6+ Ke5 50. Rc6 Bxh3 51. Rxc7 g5 52. Re7+ Kd6 53.
Rg7 Bf5+ 54. Kh6 g4 55. Kg5 Bd7 56. Kf4 Rf2+ 57. Ke3 Rf3+ 58. Ke4 Bf5+ 59. Kd4
g3 60. Rg5 Ke7 61. Ke5 Bh7 62. d6+ Kd8 63. Rg7 Re3+ 64. Kd4 Re4+ 65. Kd5 Rh4 66.
Kc5 Rh5+ 67. Kb6 Rh6 68. Kc6 Be4+ 69. Kc5 g2 70. Rg8+ Kd7 71. Bb5+ Ke6 72. d7
Rh5+ 73. Kd4 Rxb5 74. d8=Q Rd5+ 75. Qxd5+ Bxd5 76. b4 Bc6 77. Rg6+ Kf5 78. Rg8
Bf3 79. b5 Bg4 80. Rf8+ Kg5 81. Rg8+ Kh4 82. Rh8+ Kg3 0-1

[Event "European Blitz 2022"]
[Site "Katowice POL"]
[Date "2022.12.16"]
[Round "6.42"]
[White "Kovalevsky, Stanislav"]
[Black "Costachi, Mihnea"]
[Result "0-1"]
[WhiteTitle "FM"]
[BlackTitle "IM"]
[WhiteElo "2237"]
[BlackElo "2476"]
[WhiteFideId "13508598"]
[BlackFideId "1217518"]
[EventDate "2022.12.16"]

1. c4 Nf6 2. Nc3 g6 3. g3 Bg7 4. Bg2 O-O 5. b4 c6 6. Bb2 d5 7. d3 a5 8. a3 e5 9.
Nf3 Qe7 10. c5 axb4 11. axb4 Rxa1 12. Qxa1 Na6 13. Na2 e4 14. dxe4 dxe4 15. Ne5
Be6 16. O-O Bxa2 17. Qxa2 Nd5 18. Nc4 Ndxb4 19. Qa1 Bxb2 20. Qxb2 Qxc5 21. Ne5
Qc2 22. Qd4 Qc5 23. Qb2 Rd8 24. Ng4 Qd4 25. Qb3 Nc5 26. Qb1 h5 27. e3 Qd6 28.
Qxb4 hxg4 29. Rc1 Nd3 30. Qxd6 Rxd6 31. Rc4 f5 32. h3 b5 33. Rc2 Ne1 34. Rc5
Nf3+ 35. Bxf3 gxf3 0-1

[Event "European Blitz 2022"]
[Site "Katowice POL"]
[Date "2022.12.16"]
[Round "6.43"]
[White "Reza, Wojciech"]
[Black "Wieczorek, Oskar"]
[Result "1/2-1/2"]
[WhiteTitle "FM"]
[BlackTitle "GM"]
[WhiteElo "2290"]
[BlackElo "2504"]
[WhiteFideId "1151967"]
[BlackFideId "1133950"]
[EventDate "2022.12.16"]

1. c4 Nf6 2. Nf3 g6 3. g3 Bg7 4. Bg2 O-O 5. O-O d6 6. Nc3 Nc6 7. d3 e5 8. Rb1 a5
9. a3 Re8 10. e4 Nd4 11. Nxd4 exd4 12. Ne2 Nd7 13. b3 Nc5 14. h3 f5 15. b4 axb4
16. axb4 Na4 17. exf5 Bxf5 18. g4 Rxe2 19. Qxe2 Nc3 20. Qc2 Nxb1 21. Qxb1 Bc8
22. Re1 c6 23. b5 Bd7 24. Bf4 Qf8 25. Bg5 Re8 26. bxc6 Bxc6 27. Bxc6 bxc6 28.
Rxe8 Qxe8 29. Qb7 Be5 30. Kg2 h5 31. gxh5 gxh5 32. h4 Qe6 33. Qxc6 Qg4+ 34. Kf1
Qd1+ 35. Kg2 Qg4+ 36. Kf1 Qd1+ 37. Kg2 1/2-1/2

[Event "European Blitz 2022"]
[Site "Katowice POL"]
[Date "2022.12.16"]
[Round "6.44"]
[White "Varvadoukas, Theodoros"]
[Black "Plichta, Kamil"]
[Result "0-1"]
[BlackTitle "FM"]
[WhiteElo "2109"]
[BlackElo "2394"]
[WhiteFideId "4210735"]
[BlackFideId "1141830"]
[EventDate "2022.12.16"]

1. e4 g6 2. d4 Bg7 3. Nc3 c5 4. d5 d6 5. h4 h5 6. Nh3 Bxh3 7. Rxh3 a6 8. a4 Nd7
9. Bg5 Ngf6 10. Bc4 Rb8 11. a5 Ne5 12. Bb3 b5 13. axb6 Qxb6 14. f4 Neg4 15. Qe2
O-O 16. Rxa6 Qb7 17. Ra4 Nh7 18. f5 Nxg5 19. hxg5 Be5 20. Nd1 Ra8 21. Rxa8 Rxa8
22. Rf3 Qb4+ 23. Kf1 Nh2+ 24. Kg1 Nxf3+ 25. Qxf3 Ra1 26. Qe2 Qd4+ 0-1

[Event "European Blitz 2022"]
[Site "Katowice POL"]
[Date "2022.12.16"]
[Round "6.45"]
[White "Petrovskyi, Vadym"]
[Black "Kracht, Raphael"]
[Result "1/2-1/2"]
[WhiteTitle "FM"]
[WhiteElo "2402"]
[BlackElo "2124"]
[WhiteFideId "14165210"]
[BlackFideId "16214382"]
[EventDate "2022.12.16"]

1. e4 e5 2. Nf3 Nc6 3. d4 exd4 4. Bc4 Nf6 5. e5 d5 6. Bb5 Nd7 7. O-O Be7 8. Re1
O-O 9. Bxc6 bxc6 10. Nxd4 Nb8 11. Qf3 c5 12. Nf5 Bxf5 13. Qxf5 Nc6 14. c3 Qc8
15. Qf3 Qe6 16. Bf4 f6 17. Qe2 fxe5 18. Bxe5 Rae8 19. Bg3 Qxe2 20. Rxe2 Bg5 21.
Rxe8 Rxe8 22. Kf1 Bc1 23. a4 d4 24. cxd4 cxd4 25. Na3 Bxb2 26. Ra2 Bc3 27. f3
Nb4 28. Re2 Rd8 29. Bxc7 Rd7 30. Nb5 d3 31. Re4 Bf6 32. Bf4 Nd5 33. Bd2 a6 34.
Nd4 Nb6 35. Nb3 Kf7 36. Kf2 Nc8 37. g4 Nd6 38. Rb4 Rc7 39. Ke3 Rc2 40. Kxd3 Rb2 1/2-1/2

[Event "European Blitz 2022"]
[Site "Katowice POL"]
[Date "2022.12.16"]
[Round "6.46"]
[White "Lucchi, Lorenzo"]
[Black "Subelj, Jan"]
[Result "1/2-1/2"]
[BlackTitle "IM"]
[WhiteElo "2084"]
[BlackElo "2492"]
[WhiteFideId "821160"]
[BlackFideId "14618583"]
[EventDate "2022.12.16"]

1. e4 e6 2. d3 d5 3. Nd2 Nf6 4. Ngf3 a5 5. g3 a4 6. Bg2 a3 7. O-O Be7 8. bxa3
O-O 9. c4 dxe4 10. Nxe4 Nxe4 11. dxe4 Bxa3 12. Qb3 Bxc1 13. Raxc1 Qe7 14. e5 Nc6
15. h4 h6 16. Rfe1 Ra5 17. Qb2 Qa3 18. Rc2 Qxb2 19. Rxb2 b6 20. Rd2 Bb7 21. Nd4
Nxd4 22. Bxb7 c5 23. Rb1 Rb8 24. Bg2 Ra4 25. Rdb2 g5 26. hxg5 hxg5 27. Bf1 Nf3+
28. Kg2 Nxe5 29. Rxb6 Rxb6 30. Rxb6 Rxa2 31. Rb5 Ng4 32. Rxc5 Rxf2+ 33. Kh3 f5
34. Bg2 Rc2 35. Rc7 Ne3 36. Bb7 Rxc4 37. Re7 Rc1 38. Rxe6 Ng4 39. Rg6+ Kf7 40.
Rxg5 Ne3 41. Rh5 Kg7 42. Rg5+ Kf6 43. Rh5 Kg7 44. Rg5+ Kf7 45. Rh5 Kf6 46. Rh7
Kg6 47. Re7 Ng4 48. Kg2 Rc2+ 49. Kg1 Kf6 50. Rd7 Ne5 51. Rh7 Kg6 52. Re7 Kf6 53.
Rh7 Rb2 54. Rh6+ Kg7 55. Re6 Ng4 56. Re7+ Kf6 57. Rh7 Ke5 58. Bf3 Nf6 59. Re7+
Kd6 60. Rf7 Ke6 61. Ra7 Rb3 62. Kf2 Rb2+ 63. Kf1 Nd7 64. Ra5 Ne5 65. Bd5+ Kf6
66. Ba8 Ng4 67. Bc6 Kg5 68. Bd7 Ne3+ 69. Ke1 Kg4 70. Ra3 Kf3 71. Bc6+ Kxg3 72.
Rxe3+ Kf4 73. Rc3 Rh2 74. Kf1 Kg5 75. Kg1 Rh4 76. Kf2 Rb4 77. Bf3 Kf4 78. Be2
Kg5 79. Rg3+ Kf6 80. Rg1 Rb3 81. Bf3 Rb2+ 82. Kg3 Kg5 83. Rc1 Rb8 84. Rc5 Rb3
85. Rd5 Ra3 86. Rc5 Rb3 87. Kf2 Kf4 88. Rc4+ Ke5 89. Bd1 Rb2+ 90. Be2 Rb3 91.
Ra4 Rh3 92. Bf3 f4 93. Ra5+ Kf6 94. Bg4 Rb3 95. Rf5+ Kg6 96. Rd5 Rg3 97. Bf3 Rg5
98. Rd6+ Kf5 99. Ra6 Ke5 100. Ra5+ Kf6 101. Ra6+ Ke5 102. Rb6 Rg7 103. Rb5+ Kf6
104. Be4 Rg5 105. Rb8 Ke5 106. Re8+ Kd4 107. Kf3 Re5 108. Rd8+ Kc5 109. Rd1 Re6
110. Rd2 Rd6 111. Rc2+ Kd4 112. Bb7 Ke5 113. Rc5+ Kd4 114. Rc8 Ke5 115. Re8+ Re6
116. Rf8 Rf6 117. Rh8 Kd4 118. Be4 Re6 119. Rd8+ Ke5 120. Rd5+ Kf6 121. Kxf4 Ke7
122. Bf5 Re1 123. Rd7+ Kf6 124. Be4 Ke6 125. Rc7 Rf1+ 126. Bf3 Kf6 127. Rc3 Re1
128. Rc6+ Re6 129. Rc5 Re1 130. Bg2 Ke7 131. Be4 Kd6 132. Rc6+ Kd7 133. Rb6 Ke7
134. Ke5 Re2 135. Rb7+ Ke8 136. Kd5 Kf8 137. Bd3 Re7 138. Rb6 Rd7+ 139. Ke4 Re7+
140. Kf4 Re1 141. Bf5 Ke7 142. Be4 Kf7 143. Ke5 Ke7 144. Rb7+ Ke8 145. Kd5 Kf8
146. Rb4 Ke7 147. Ke5 Re2 148. Rb6 Re1 149. Re6+ Kd7 150. Rd6+ Ke7 151. Rb6 Re2
152. Rb7+ Ke8 153. Kd5 Kf8 154. Rb8+ Ke7 155. Bd3 Re1 1/2-1/2

[Event "European Blitz 2022"]
[Site "Katowice POL"]
[Date "2022.12.16"]
[Round "6.47"]
[White "Gretarsson, Helgi Ass"]
[Black "Trybus, Daniel"]
[Result "0-1"]
[WhiteTitle "GM"]
[WhiteElo "2451"]
[BlackElo "2258"]
[WhiteFideId "2300699"]
[BlackFideId "21816131"]
[EventDate "2022.12.16"]

1. d4 Nf6 2. c4 e6 3. Nc3 Bb4 4. Qc2 c5 5. dxc5 Nc6 6. Bf4 Bxc5 7. e3 O-O 8. Rd1
a6 9. a3 b5 10. cxb5 axb5 11. Bxb5 Qb6 12. Nf3 Nd5 13. Nxd5 Qxb5 14. Nc7 Qa5+
15. b4 Bxb4+ 16. axb4 Nxb4 17. Qd2 Nd3+ 18. Ke2 Nxf4+ 19. exf4 Qxc7 20. Rc1 Ba6+
21. Ke3 Qa7+ 22. Qd4 Rfb8 23. Rc3 d5 24. Ra1 Qe7 25. Ne5 Bb5 26. Rxa8 Rxa8 27.
g3 f6 28. Nf3 Ra3 29. Nd2 Ra4 30. Rc8+ Kf7 31. Qb2 Ra3+ 32. Rc3 d4+ 33. Kxd4
Qa7+ 34. Ke4 Qb7+ 35. Ke3 Qb6+ 36. Kf3 Bc6+ 0-1

[Event "European Blitz 2022"]
[Site "Katowice POL"]
[Date "2022.12.16"]
[Round "6.48"]
[White "Kuzmicz, Krystian"]
[Black "Skuhala, Barbara"]
[Result "1-0"]
[WhiteTitle "IM"]
[BlackTitle "WFM"]
[WhiteElo "2466"]
[BlackElo "2103"]
[WhiteFideId "1119125"]
[BlackFideId "14605465"]
[EventDate "2022.12.16"]

1. e4 c5 2. d3 d5 3. exd5 Qxd5 4. Nc3 Qd8 5. Nf3 Nf6 6. Be3 e6 7. h3 Be7 8. d4
cxd4 9. Nxd4 O-O 10. Be2 Nc6 11. O-O Nxd4 12. Qxd4 Qxd4 13. Bxd4 Bd7 14. Bf3
Rfc8 15. Bxb7 1-0

[Event "European Blitz 2022"]
[Site "Katowice POL"]
[Date "2022.12.16"]
[Round "6.49"]
[White "Paehtz, Thomas"]
[Black "Redzisz, Michal"]
[Result "0-1"]
[WhiteTitle "GM"]
[BlackTitle "FM"]
[WhiteElo "2339"]
[BlackElo "2260"]
[WhiteFideId "4611349"]
[BlackFideId "21816107"]
[EventDate "2022.12.16"]

1. e4 c6 2. d4 d5 3. exd5 cxd5 4. Bd3 Nc6 5. c3 g6 6. Bf4 Bh6 7. Bxh6 Nxh6 8.
Nf3 Bf5 9. O-O Qb6 10. Bxf5 Nxf5 11. Qe2 O-O 12. Na3 Rab8 13. Rfe1 Rfe8 14. h4
h5 15. g3 e5 16. dxe5 Nxg3 17. Qb5 Ne4 18. Qxb6 axb6 19. Rad1 Nxe5 20. Nxe5 Rxe5
21. f3 Nd2 22. Kf2 Rxe1 23. Rxe1 Nc4 24. Nxc4 dxc4 25. Re7 Kf8 26. Rc7 Rd8 27.
Ke2 Rd5 28. Rxc4 Ke7 29. Rc7+ Rd7 30. Rc4 Ke6 31. a4 Kf5 32. Ke3 Re7+ 33. Kf2 f6
34. Rb4 Re6 35. a5 bxa5 36. Rb5+ Re5 37. Rxb7 g5 38. hxg5 fxg5 39. Rh7 h4 40. c4
Rc5 41. b3 a4 42. bxa4 Rxc4 43. Rf7+ Kg6 44. Ra7 Rc2+ 45. Kg1 Ra2 46. a5 Kf5 47.
Rf7+ Ke5 48. Rg7 Kf4 49. Rf7+ Kg3 50. Kf1 Rxa5 51. Ke2 h3 52. Rh7 h2 53. Ke3 Kg2
54. Rh5 h1=Q 55. Kd4 0-1

[Event "European Blitz 2022"]
[Site "Katowice POL"]
[Date "2022.12.16"]
[Round "6.50"]
[White "Piotrowski, Przemyslaw"]
[Black "Kyc, Jerzy"]
[Result "0-1"]
[WhiteTitle "FM"]
[WhiteElo "2247"]
[BlackElo "2230"]
[WhiteFideId "1127063"]
[BlackFideId "1163922"]
[EventDate "2022.12.16"]

1. d4 Nf6 2. Nf3 g6 3. g3 Bg7 4. Bg2 O-O 5. O-O d5 6. c4 dxc4 7. Na3 c5 8. dxc5
Qa5 9. Be3 c3 10. Nc4 Qa6 11. b3 Nc6 12. Qc1 Ng4 13. h3 Nxe3 14. Qxe3 Be6 15.
Nce5 Bd5 16. Nxc6 Qxc6 17. Rac1 Rac8 18. b4 b6 19. Rfd1 Rfd8 20. Qxe7 bxc5 21.
bxc5 Re8 22. Qxa7 Rxe2 23. Nh4 Bxg2 24. Nxg2 Qf3 25. c6 c2 26. Re1 Rxe1+ 27.
Nxe1 Qe2 28. Qd7 Qe6 29. Qxe6 fxe6 30. Rxc2 Bd4 31. Nd3 Rc7 32. Kg2 Bb6 33. Ne5
Ra7 34. f4 Bc7 35. Nd7 Kf7 36. Kf3 Ke7 37. Nc5 Ra3+ 38. Kg2 Kd6 39. Ne4+ Kd5 40.
Ng5 h6 41. Rd2+ Kxc6 42. Nxe6 Ba5 43. Re2 Kd5 44. Nf8 g5 45. f5 Bc7 46. Ne6 Bxg3
47. f6 Bd6 48. f7 Rg3+ 49. Kf2 Rxh3 50. Rd2+ Kxe6 51. Rxd6+ Kxf7 52. Ra6 Kg7 53.
Kg2 g4 54. a4 h5 55. a5 Ra3 56. Ra8 h4 57. a6 Ra2+ 0-1

[Event "European Blitz 2022"]
[Site "Katowice POL"]
[Date "2022.12.16"]
[Round "6.51"]
[White "Thorfinnsson, Bjorn"]
[Black "Kos, Pawel"]
[Result "0-1"]
[WhiteTitle "IM"]
[WhiteElo "2374"]
[BlackElo "2234"]
[WhiteFideId "2300982"]
[BlackFideId "1120085"]
[EventDate "2022.12.16"]

1. d4 Nf6 2. Nf3 g6 3. Bg5 Bg7 4. e3 h6 5. Bh4 d6 6. Bd3 c6 7. Nbd2 a6 8. c3 b5
9. Qc2 g5 10. Bg3 Bb7 11. h4 g4 12. Ng1 h5 13. Ne2 c5 14. f3 c4 15. Be4 d5 16.
Bf5 e6 17. fxg4 exf5 18. gxf5 Qe7 19. Bf2 Ng4 20. O-O Bh6 21. Nf4 Nd7 22. Rae1
O-O-O 23. Nf3 Rdg8 24. Nxh5 Nxf2 25. Qxf2 Nf6 26. Nxf6 Qxf6 27. Ne5 Bf8 28. Nf3
Bd6 29. Ng5 Rg7 30. e4 dxe4 31. Nxe4 Bxe4 32. Rxe4 Rhg8 33. Qf3 Rxg2+ 34. Qxg2
Rxg2+ 35. Kxg2 Qg7+ 36. Kh1 Qg3 37. Re2 Qxh4+ 38. Kg1 Qg3+ 39. Rg2 Qe3+ 40. Kh1
Qe4 41. Kg1 Bf4 42. Kh1 Be3 43. f6 Qh4+ 44. Rh2 Qg3 45. Rg2 Qh3+ 46. Rh2 Qxf1# 0-1

[Event "European Blitz 2022"]
[Site "Katowice POL"]
[Date "2022.12.16"]
[Round "6.52"]
[White "Maisuradze, Nino"]
[Black "Cherniaiev, Tykhon"]
[Result "0-1"]
[WhiteTitle "WGM"]
[BlackTitle "FM"]
[WhiteElo "2230"]
[BlackElo "2330"]
[WhiteFideId "13601717"]
[BlackFideId "14182360"]
[EventDate "2022.12.16"]

1. d4 Nf6 2. c4 e6 3. Nf3 d5 4. cxd5 exd5 5. Qc2 c5 6. Bg5 Nc6 7. a3 cxd4 8.
Nbd2 h6 9. Bh4 Bd6 10. Nb3 Bg4 11. Nfxd4 Rc8 12. Nxc6 Rxc6 13. Qd3 Be5 14. Nd4
Rc4 15. e3 O-O 16. Be2 Bxd4 17. Bxg4 Bxb2 18. Rb1 Rxg4 0-1

[Event "European Blitz 2022"]
[Site "Katowice POL"]
[Date "2022.12.16"]
[Round "6.53"]
[White "Olde, Margareth"]
[Black "Kjartansson, Gudmundur"]
[Result "1/2-1/2"]
[WhiteTitle "WIM"]
[BlackTitle "GM"]
[WhiteElo "2244"]
[BlackElo "2453"]
[WhiteFideId "4503082"]
[BlackFideId "2301318"]
[EventDate "2022.12.16"]

1. d4 Nf6 2. c4 e6 3. g3 d5 4. Bg2 Be7 5. Nf3 O-O 6. O-O Nbd7 7. Qc2 c6 8. Rd1
b6 9. Bf4 Ba6 10. Nc3 Bxc4 11. e4 dxe4 12. Nxe4 Bd5 13. Ne5 Nxe5 14. dxe5 Nd7
15. h4 h6 16. Nc3 Bxg2 17. Kxg2 Qc8 18. Ne4 Rd8 19. Nd6 Bxd6 20. Rxd6 c5 21.
Rad1 Qb7+ 22. Kh2 Rac8 23. Qd2 Rc7 24. g4 Qf3 25. g5 h5 26. g6 f6 27. exf6 gxf6
28. Rxe6 Qg4 1/2-1/2

[Event "European Blitz 2022"]
[Site "Katowice POL"]
[Date "2022.12.16"]
[Round "6.54"]
[White "Olenik Campa, Rudi"]
[Black "Tisaj, Domen"]
[Result "1/2-1/2"]
[WhiteTitle "CM"]
[BlackTitle "FM"]
[WhiteElo "2358"]
[BlackElo "2396"]
[WhiteFideId "14633264"]
[BlackFideId "14628708"]
[EventDate "2022.12.16"]

1. e4 c5 2. Nf3 d6 3. d4 cxd4 4. Nxd4 Nf6 5. f3 e5 6. Nb3 a5 7. Bb5+ Nc6 8. a4
d5 9. Bg5 dxe4 10. Qxd8+ Kxd8 11. Bxf6+ gxf6 12. fxe4 Nb4 13. Na3 Be6 14. O-O-O+
Kc7 15. Bc4 Be7 16. Nb5+ Kc8 17. Nd6+ Kc7 18. Nb5+ Kc8 19. Nd6+ Kc7 20. Nb5+ 1/2-1/2

[Event "European Blitz 2022"]
[Site "Katowice POL"]
[Date "2022.12.16"]
[Round "6.55"]
[White "Langheinrich, Ferenc"]
[Black "Tuomainen, Felix"]
[Result "1-0"]
[WhiteTitle "IM"]
[BlackTitle "FM"]
[WhiteElo "2381"]
[BlackElo "2232"]
[WhiteFideId "4641973"]
[BlackFideId "1720813"]
[EventDate "2022.12.16"]

1. e4 d5 2. exd5 Qxd5 3. Nc3 Qa5 4. d4 c6 5. Nf3 Nf6 6. Bc4 Bg4 7. h3 Bh5 8. Bd2
e6 9. Qe2 Nbd7 10. Nd5 Qd8 11. Nxf6+ Nxf6 12. O-O-O Be7 13. g4 Bg6 14. Bf4 O-O
15. Ne5 Be4 16. g5 Bxh1 17. gxf6 Bxf6 18. Rxh1 Qxd4 19. Bg3 Rad8 20. Bd3 Qd5 21.
Qe4 g6 22. Ng4 Bg7 23. Qxd5 Rxd5 24. Re1 h5 25. Ne3 Bh6 26. Kd1 Rd7 27. Ke2 Bg7
28. Nc4 c5 29. a4 b6 30. h4 Bf6 31. Ne5 Rd5 32. f4 Rd4 33. b3 Rd6 34. Nc4 Rdd8
35. Rf1 Kg7 36. Ne5 Rd4 37. Nf3 Rdd8 38. Rg1 Rd7 39. Bf2 Rfd8 40. Rb1 Rc7 41.
Rg1 Rcd7 42. Ne5 Bxe5 43. fxe5 Rd5 44. Bg3 Rd4 45. Bf2 Rf4 46. Bg3 Rg4 47. Kf3
Rdd4 48. Re1 g5 49. hxg5 h4 50. Bf2 Rdf4+ 51. Ke3 h3 52. Rh1 Rd4 53. Rxh3 Rxg5
54. Bg3 Rdg4 55. Bf4 Rg6 56. Bxg6 Rxg6 57. Rg3 1-0

[Event "European Blitz 2022"]
[Site "Katowice POL"]
[Date "2022.12.16"]
[Round "6.56"]
[White "Jaskolka, Tomasz"]
[Black "Psyk, Radoslaw"]
[Result "0-1"]
[WhiteTitle "CM"]
[WhiteElo "2188"]
[BlackElo "2438"]
[WhiteFideId "1170791"]
[BlackFideId "1182838"]
[EventDate "2022.12.16"]

1. d4 Nf6 2. Bf4 e6 3. e3 c5 4. Nf3 Be7 5. Nbd2 b6 6. c3 O-O 7. e4 cxd4 8. cxd4
d6 9. Bd3 Bb7 10. Qe2 Nc6 11. Rc1 Nb4 12. Bb1 Ba6 13. Qe3 Rc8 14. Rxc8 Qxc8 15.
Nb3 Nc2+ 16. Bxc2 Qxc2 17. Nfd2 Qxb2 18. f3 e5 19. Bg5 exd4 20. Nxd4 Qc1+ 21.
Kf2 Qxh1 22. Nf5 Bd8 23. Bh6 gxh6 24. Qxh6 Ne8 25. h4 Qa1 26. h5 Qf6 27. Qf4 Bc8
28. g4 Bxf5 29. exf5 Qg5 0-1

[Event "European Blitz 2022"]
[Site "Katowice POL"]
[Date "2022.12.16"]
[Round "6.57"]
[White "Pavlidou, Ekaterini"]
[Black "Kowalski, Igor"]
[Result "0-1"]
[WhiteTitle "WIM"]
[BlackTitle "IM"]
[WhiteElo "2178"]
[BlackElo "2344"]
[WhiteFideId "4213262"]
[BlackFideId "1172468"]
[EventDate "2022.12.16"]

1. d4 Nf6 2. c4 g6 3. Nc3 Bg7 4. e4 d6 5. Bd3 O-O 6. Nge2 Nc6 7. O-O e5 8. d5
Nd4 9. Nxd4 exd4 10. Ne2 Nd7 11. Bc2 Ne5 12. Nxd4 Nxc4 13. b3 Nb6 14. Bb2 Bd7
15. a4 c5 16. dxc6 bxc6 17. Qd2 c5 18. Rad1 cxd4 19. Bxd4 Bxd4 20. Qxd4 Be6 21.
a5 Nd7 22. f4 Rc8 23. Rf2 Bg4 24. Ra1 Qf6 25. e5 dxe5 26. Qxa7 exf4 27. Raf1 f3
28. Be4 Ne5 29. h3 Bf5 30. Bxf3 Nxf3+ 31. Rxf3 Qb2 32. Qe7 Rc2 33. Qg5 Be6 34.
a6 Qa2 35. R3f2 Rxf2 36. Rxf2 Qxa6 37. b4 Qa1+ 38. Kh2 Qd4 39. Qg3 Qxb4 40. Rf4
Qb2 41. Rf2 Qd4 42. Rf4 Qe5 43. h4 h5 0-1

[Event "European Blitz 2022"]
[Site "Katowice POL"]
[Date "2022.12.16"]
[Round "6.58"]
[White "Fus, Jakub"]
[Black "Gregoric, Andraz"]
[Result "1-0"]
[WhiteTitle "FM"]
[WhiteElo "2405"]
[BlackElo "2225"]
[WhiteFideId "1193023"]
[BlackFideId "14629461"]
[EventDate "2022.12.16"]

1. Nf3 Nf6 2. g3 b5 3. Bg2 Bb7 4. O-O e6 5. b3 Be7 6. c4 bxc4 7. bxc4 O-O 8. Qb3
Bc6 9. Nc3 d6 10. d3 Nbd7 11. Be3 Ng4 12. Bd2 f5 13. Nd4 Bxg2 14. Nxe6 Nc5 15.
Nxc5 Rb8 16. Qa4 Bxf1 17. Ne6 Qc8 18. Nxf8 Bh3 19. Nd7 Rb2 20. Nd5 Bf8 21. Bc3
Rxe2 22. Nf4 Re7 23. Nxf8 Qxf8 24. Nxh3 f4 25. Nxf4 Rf7 26. h3 Nxf2 27. Kxf2 g5
28. Qb5 Rf5 29. Qd7 gxf4 30. g4 Rf7 31. Qe6 Qa8 32. Re1 Qb7 33. Qd5 Qa6 34. Re8# 1-0

[Event "European Blitz 2022"]
[Site "Katowice POL"]
[Date "2022.12.16"]
[Round "6.59"]
[White "Minald, Andrey"]
[Black "Ondozi, Murtez"]
[Result "0-1"]
[BlackTitle "FM"]
[WhiteElo "2091"]
[BlackElo "2406"]
[WhiteFideId "13506854"]
[BlackFideId "937576"]
[EventDate "2022.12.16"]

1. d4 d5 2. c4 c6 3. e3 Nf6 4. Nc3 e6 5. Nf3 Nbd7 6. Be2 Bd6 7. O-O O-O 8. a3
Qe7 9. b4 dxc4 10. Bxc4 e5 11. dxe5 Nxe5 12. Be2 Bg4 13. Bb2 Rad8 14. Nd4 Bd7
15. Qc2 g6 16. Rad1 b6 17. h3 c5 18. bxc5 bxc5 19. Nf3 Bc6 20. e4 Nxf3+ 21. Bxf3
Be5 22. Nd5 Bxd5 23. exd5 Bxb2 24. Qxb2 Rb8 25. Qc3 Qd6 26. Rfe1 Rb6 27. Rd3
Rfb8 28. Rc1 Rc8 29. Qc4 h5 30. g3 Nd7 31. Re3 Ne5 32. Qe4 Nxf3+ 33. Qxf3 Rb7
34. Rc4 Rd7 35. Rd3 Qa6 36. Rdc3 Qd6 37. Qe3 Rdc7 38. Rd3 a6 39. Kg2 Kg7 40. Qf3
Re7 41. Qd1 Re5 42. Qa1 Kh7 43. Qd1 Rd8 44. Rf4 Kg8 45. Qf3 f5 46. Ra4 Kg7 47.
Rd1 Rc8 48. h4 Kh7 49. Qd3 Rd8 50. Rxa6 Qxd5+ 51. Qxd5 Rexd5 52. Ra7+ Kh6 53.
Re1 R5d7 54. Rxd7 Rxd7 55. Rc1 Rc7 56. Rc4 Kg7 57. Kf3 Kf6 58. Kf4 Ke6 59. Ke3
Kd5 60. Kd3 Rb7 61. Rc3 Rb2 62. Rc2 Rb1 63. Ke3 c4 64. a4 Ra1 65. Rd2+ Kc5 66.
Kf4 Rxa4 67. Kg5 Ra6 68. f3 c3 69. Rd8 Rc6 70. Rd1 Kc4 71. g4 hxg4 72. fxg4 fxg4
73. Kxg4 c2 0-1